Clothing A-Z (Photos) - Statistics

General Stats
  • This quiz has been taken 50 times
  • The average score is 13 of 24
Answer Stats
Picture Hint Answer % Correct
R Raincoat
84%
Z Zipper
77%
K Kimono
75%
L Leggings
73%
H {Hazmat} Suit
68%
T Toga
68%
U Uniform
68%
M Moccasins
66%
E {Evening} Gown
64%
P Poncho
64%
B Balaclava
57%
S Sari
57%
V Veil
55%
N Nightgown
52%
O Overalls
48%
W Waders
43%
G Girdle
41%
I {Intimate} Apparel
36%
J Jodhpurs
36%
C Codpiece
32%
F Fatigues
32%
A Ascot
30%
Y Yarmulke
18%
D Dashiki
7%
No matching quizzes found
Score Distribution
Percent of People with Each Score
Percentile by Number Answered
Your Score History
You have not taken this quiz